Κυράνω : μνήμη της μητέρας μου
Αποθηκεύτηκε σε:
| Κύριος συγγραφέας: | |
|---|---|
| Μορφή: | Βιβλίο |
| Γλώσσα: | Greek |
| Δημοσίευση: |
Αθήνα :
Νεφέλη,
1990
|
| Σειρά: | Σύγχρονη ελληνική πεζογραφία (Νεφέλη)
|
| Θέματα: | |
| Ετικέτες: |
Προσθήκη ετικέτας
Δεν υπάρχουν, Καταχωρήστε ετικέτα πρώτοι!
|
MARC
| LEADER | 00000cam a2200000 i 4500 | ||
|---|---|---|---|
| 001 | 1/12371 | ||
| 008 | 110310s1990 gre d | ||
| 020 | |a 960-211-093-7 | ||
| 035 | |l 10109760 | ||
| 040 | |a GR-MY-UA |b gre |e aacr | ||
| 041 | 0 | |a gre | |
| 082 | 0 | |a 889.3 |2 (22) | |
| 100 | 1 | |a Παπαγιάννη, Βασιλική, |d 1927-2014. | |
| 245 | 1 | 0 | |a Κυράνω : |b μνήμη της μητέρας μου / |c Βασιλική Παπαγιάννη |
| 260 | |a Αθήνα : |b Νεφέλη, |c 1990 | ||
| 300 | |a 219 σ.; |c 17 εκ. | ||
| 490 | 1 | |a Σύγχρονη ελληνική πεζογραφία (Νεφέλη) | |
| 650 | 0 | 0 | |a Greek fiction, Modern |y 20th century. |
| 830 | 0 | |a Σύγχρονη ελληνική πεζογραφία (Νεφέλη) | |
| 852 | |a INST |b LEMNOS |e 20130613 |h 889.3 ΠΑΠ |p 005600000887 |q 005600000887 |t BK |y 0 | ||
| 852 | |a INST |b SYROS |e 20110310 |h 889.3 ΠΑΠ |p 005500009296 |q 005500009296 |t BK |y 0 | ||
| 901 | |a BIBL5-2011-1 | ||
| 909 | |a Ε |b 165445 | ||
| 909 | |a Μ |b 161160 | ||
| 970 | |a ΚΟΝΤΟΥ |b ΠΑΡΑΣΚΕΥΗ |z 2011/03/10 | ||